The A Sporcle Quiz Stats

 Plays Quiz not verified by Sporcle

Score 0/15 Timer 03:00
0 Plays Today
Description Answer % Correct
The past tense of the word eat, it rhymes with the word eight.Ate
93.8%
The largest country in Oceania by area and population.Australia
87.8%
The surname of the 2nd and 6th presidents of the United States.Adams
85.8%
Company responsible for the production of the 2600 gaming system and games like Pong.Atari
82.4%
The kingdom in biology encompassing mammals, birds, and insects.Animalia
71.3%
This group was responsible for the 1984 hit 'Take On Me'.A-ha
67.9%
A holiday reserved for the planting and caring for trees.Arbor Day
66.1%
Yakko, Wakko, and Dot Warner starred in this animated television show.Animaniacs
63.9%
Description Answer % Correct
The first of the three patriarchs of Judaism.Abraham
58.7%
Epic war film directed by Francis Ford Coppola, starring Martin Sheen and Marlon Brando.Apocalypse Now
58.3%
Archie Bunker headed the household on this 1970s sitcom.All in the Family
55.7%
A color that is a bluish tint of cerulean toned toward cyan, named after a gemstone.Aquamarine
55.5%
Tolstoy's tale of the doomed love affair between the title character and Count Vronsky.Anna Karenina
52.5%
Surname of the quarterback who led the Dallas Cowboys to 3 Super Bowl titles in the 90s.Aikman (Troy)
38.1%
The alma mater of athletes such as Cam Newton, Charles Barkley, and Bo Jackson.Auburn University
37.3%

You're not logged in!

Compare scores with friends on all Sporcle quizzes.
OR
Log In

Show Comments

Extras

Top Quizzes Today


Score Distribution

Your Account Isn't Verified!

In order to create a playlist on Sporcle, you need to verify the email address you used during registration. Go to your Sporcle Settings to finish the process.

Report this User

Report this user for behavior that violates our Community Guidelines.

Details: